01353 2200301 4500001002100000005001500021035002000036007000300056008004100059020002200100082001100122084002000133100002300153245012800176300005400304650000900358700002900367700002000396700002700416700002500443505041900468740004300887264003100930336002100961337003000982338002301012990001601035INLIS00000000004287120210815094540 a0010-0821000082ta210815 g 0 ind  a978-602-05-2209-8 a307.72 aSR 307.72 ICU o0 aIcuk Rangga Bawono1 aOptimalisasi potensi desa di indonesia /cIcuk Rangga Bawono, Erwin Setyadi ; Editor, Junaidi, Radityas Utami, Diane Novita aviii, 152 halaman :bIlustrasi ;c21 cm x 14,5 cm 4aDesa0 aErwin Setyadiepengarang0 aJunaidieeditor0 aRadityas Utamieeditor0 aDiane Novitaeeditor aDesa merupakan awal terbentuknya kota. Kemajuan suatu kota bermula dari titik desa. Oleh karena itu, desa disebut sebagai mitra bagi pembangunan kota. Fungsi desa sebagai mitra pembangunan kota adalah sebagai tenaga penggerak pembangunan bagi kota. Semua potensi yang ada di desa, baik sumber daya alam maupun sumber daya manusia harus dimanfaatkan bagi kelangsungan dan perkembangan desa dengan seoptimal mungkin. aOptimalisasi potensi desa di indonesia aJakarta :bGrasindo,c2019 2rdacontentateks 2rdamediaatanpa perantara 2rdacarrieravolume a47917.60737